Open Data Biblioteca Nacional de Portugal


República Portuguesa: Ministério da Cultura
Biblioteca Nacional de Portugal

Catálogo da BNP: acesso por Identificadores Unívocos
Registos Bibliográficos associados ao registo de autoridade

Etiqueta de registo: 00000nam 2200025 450
001 1993024
003 http://id.bnportugal.gov.pt/bib/catbnp/1993024
100 ## $a20180619d1885 k y0pory01030103ba
101 0# $afre
102 ## $aFR
106 ## $ar
200 1# $aTraité clinique du diagnostic des maladies de l'encéphale$ebasé sur l'étude des localisations
210 #9 $aParis$cAdrien Delahaye etÉmile Lecrosnier,$d1885
215 ## $aXXI, 676 p.
317 ## $aAssociação Protetora dos Diabéticos de Portugal$5PTBN: S.A. 182539 V.
317 ## $aBiblioteca de António Lencastre$5PTBN: S.A. 182539 V.
675 ## $a616.831(035)$vBN$zpor$31506399
675 ## $a611.81(035)$vBN$zpor$31861637
675 ## $a612.82(035)$vBN$zpor$31222150
700 #1 $aNothnagel,$bHermann, $f1841-1905$31172462
701 #1 $aKéraval,$bPaul,$f1852-1923$4070$31734624
801 #0 $aPT$bBN$gRPC
966 ## $lBN$mFGMON$pBiblioteca António Lencastre$sS.A. 182539 V.$x3
973 ## $cigoulao$d20221019

Etiqueta de registo: 00539cam 22001691i 450
001 1213152
003 http://id.bnportugal.gov.pt/bib/catbnp/1213152
100 ## $a20020304f18001899m y0pory010305 ba
101 0# $afre
200 1# $aNouveaux éléments de Matière Médicale et de Thérapeutique$eExposé de l'action physiologique et thérapeutique des médicaments$fH. Nothnagel, M. J. Rossbach
210 #9 $a[S.l.$cs.n.$d18--]
215 ## $a1 v.
300 ## $aOuvrage traduit sur la 6me. é
700 #1 $aNothnagel,$bHermann, $f1841-1905$31172462
701 #1 $aRossbach,$bM. J.$4070$31172463
801 #0 $aPT$bBN
801 #1 $aFR$bJOUVE
966 ## $lBN$mFGMON$sS.A. 3039 A.$x0
997 ## $aBIBEOD

Etiqueta de registo: 00254nbm 2200025 450
001 2281874
003 http://id.bnportugal.gov.pt/bib/catbnp/2281874
100 ## $a20260319j1879 k y0pory01030103ba
101 0# $aporspa$cger
102 ## $aPT
105 ## $ay z 000yy
106 ## $ah
200 1# $aTractado de Materia médica e de Therapeutica$fpelo Dr. Nothnagel$gtraduzido do allemão por João Felix Pereira e revisto pelo dr. P[edro] F[rancisco] da Costa Alvarenga$bManuscrito]
210 #1 $d1879
215 ## $a[I], 1405 f. $d16 cm
300 ## $aAutógrafo do tradutor e por ele assinado
304 ## $aJoão Félix Pereira nasceu em Lisboa em 1822. Estudou na Escola Médico-Cirúrgica da capital; Engenharia Civil nas escolas politécnicas e no exército; Agronomia no Instituto Geral de Agricultura; Taquigrafia. Nos seus diplomas constam diversos louvores. Em 1849 foi nomeado professor de Geografia e História no Liceu Nacional de Lisboa, tendo exercido o magistério até 1874. Também regeu as cadeiras de Introdução e de Matemáticas no Liceu, e de Engenharia Comercial na Aula do Comércio. Foi colaborador em diversos jornais e revistas especializados, principalmente de Medicina
307 ## $aPartes do texto riscadas; correcções interlineares
307 ## $aSem encadernação; todas as folhas soltas
316 ## $aCota antiga: U-3-12
518 1# $aTratado de matéria médica e de terapêutica
700 #1 $aNothnagel,$bHermann, $f1841-1905$31172462
702 #1 $aAlvarenga,$bPedro Francisco da Costa,$f1826?-1883$4270$3206835
702 #1 $aPereira,$bJoão Félix,$f1822-1891$4730$372875
801 #0 $aPT$bBN$gRPC
966 ## $lBN$mRESMAN$sCOD. 6856
971 ## $cipires$d20260319

OpendataBNP@bnportugal.pt | Mais informação sobre acesso aos dados BNP